| 000 | 00613nam a22001697a 4500 | ||
|---|---|---|---|
| 005 | 20251108174618.0 | ||
| 008 | 250721s2007 xx 000 0 ara d | ||
| 082 | 1 | 4 | _a745/قند |
| 100 | 1 |
_aقنديل، كمال حسن _eمؤلف |
|
| 245 | 1 | 0 | _aالموسوعة الفنية في التصميم و الزخرفة : الزخرفة فن و تاريخ الزخرفة بالحناء و المشغولات الذهبية / |
| 264 | 1 |
_aالمنصورة : _bمكتبة الإيمان، _c2007. |
|
| 300 | _a352 ص. | ||
| 650 | 1 | 7 | _aالزخرفه |
| 650 | 1 | 7 | _aالفنون |
| 942 |
_2ddc _cBK |
||
| 999 |
_c113538 _d113538 |
||